[Event "Madrid-ch Seniors 50"]
[Site "Madrid"]
[Date "2020.01.15"]
[Round "3"]
[White "Camarero Izquierdo, Juan Carlos"]
[Black "Serrano Baylin, Francisco"]
[Result "1-0"]
[WhiteElo "1807"]
[BlackElo "1956"]
[PlyCount "51"]
[EventDate "2020.01.13"]
[EventType "swiss"]
[EventRounds "9"]
[EventCountry "ESP"]
[SourceTitle "CBM 194 Extra"]
[Source "ChessBase"]
[SourceDate "2020.03.31"]
[SourceVersion "1"]
[SourceVersionDate "2020.03.31"]
[SourceQuality "1"]

1. d4 Nf6 2. Nc3 g6 3. e4 d6 4. f3 Bg7 5. Be3 c6 6. Qd2 b5 7. Bh6 Bxh6 8. Qxh6 b4 9. Nce2 Qa5 10. Qd2 Qb6 11. 0-0-0 Nbd7 12. h4 h5 13. Nh3 a5 14. Ng5 a4 15. f4 b3 16. cxb3 a3 17. Nc3 axb2+ 18. Kxb2 Qa5 19. Kb1 Ng4 20. Bc4 e6 21. Rhf1 d5 22. Be2 Ba6 23. Bxa6 Qxa6 24. f5 c5 25. fxe6 fxe6 26. exd5 1-0

[Event "Madrid-ch Seniors 50"]
[Site "Madrid"]
[Date "2017.01.17"]
[Round "7"]
[White "Serrano Baylin, Francisco"]
[Black "Nunez Munoz, Jesus"]
[Result "0-1"]
[WhiteElo "1962"]
[BlackElo "2186"]
[PlyCount "104"]
[EventDate "2017.01.09"]
[EventType "swiss"]
[EventRounds "9"]
[EventCountry "ESP"]
[SourceTitle "CBM 176 Extra"]
[Source "ChessBase"]
[SourceDate "2017.03.02"]
[SourceVersion "1"]
[SourceVersionDate "2017.03.02"]
[SourceQuality "1"]

1. c4 c5 2. g3 Nc6 3. Bg2 g6 4. Nc3 Bg7 5. a3 e5 6. d4 exd4 7. Ne4 d6 8. e3 Nf6 9. Ne2 0-0 10. 0-0 Nxe4 11. Bxe4 Bg4 12. Qc2 Re8 13. f3 Be6 14. Nf4 Qd7 15. Nxe6 fxe6 16. Rb1 Rad8 17. b4 b6 18. Qa4 d5 19. b5 Ne5 20. cxd5 exd5 21. exd4 cxd4 22. Qb3 Kh8 23. Bd3 Rc8 24. Bd2 Nc4 25. Qa2 Ne3 26. Rf2 Rc7 27. a4 Nc4 28. Bf4 Be5 29. Bd2 Rcc8 30. Re1 Bg7 31. Bb4 Re3 32. Qb1 Rce8 33. Rfe2 Qf7 34. f4 Qd7 35. Qc2 Rc8 36. Qb1 Qg4 37. Bd2 Nxd2 38. Rxd2 Rce8 39. Rf1 Bh6 40. Kg2 Qd7 41. Qd1 Bf8 42. Rc2 Bc5 43. Rd2 Bb4 44. Rc2 Bc3 45. Re2 Qe7 46. Rff2 Qb4 47. Rxe3 dxe3 48. Re2 Bd2 49. Qc2 Qc5 50. Qb1 Rc8 51. h4 Qd4 52. h5 Rc1 0-1

[Event "Madrid-ch Seniors 50"]
[Site "Madrid"]
[Date "2017.01.16"]
[Round "6"]
[White "Kejo, Janne"]
[Black "Serrano Baylin, Francisco"]
[Result "0-1"]
[WhiteElo "2059"]
[BlackElo "1962"]
[PlyCount "82"]
[EventDate "2017.01.09"]
[EventType "swiss"]
[EventRounds "9"]
[EventCountry "ESP"]
[SourceTitle "CBM 176 Extra"]
[Source "ChessBase"]
[SourceDate "2017.03.02"]
[SourceVersion "1"]
[SourceVersionDate "2017.03.02"]
[SourceQuality "1"]

1. e4 e5 2. d3 d6 3. g3 Nf6 4. c3 Be7 5. Bg2 0-0 6. Ne2 c6 7. Nd2 d5 8. Nb3 dxe4 9. dxe4 Qxd1+ 10. Kxd1 a5 11. f3 a4 12. Nd2 Be6 13. Nf1 Rd8+ 14. Ke1 Na6 15. Be3 Nc5 16. Nc1 Rd7 17. Nd2 Rad8 18. Bf1 b5 19. b4 axb3 20. axb3 h6 21. c4 bxc4 22. bxc4 Rb8 23. Ra5 Rbd8 24. g4 Nb7 25. Ra7 Bb4 26. Ncb3 c5 27. Be2 Ne8 28. Kd1 Ned6 29. Kc2 Nc8 30. Ra8 Ne7 31. Rxd8+ Rxd8 32. Ra1 Nc6 33. Rb1 Nd4+ 34. Kd1 Nxb3 35. Rxb3 Na5 36. Rxb4 cxb4 37. Bb6 Ra8 38. c5 Nb3 39. Nc4 Ra1+ 40. Kc2 Nd4+ 41. Kb2 Nxe2 0-1

[Event "Madrid-ch Seniors 50"]
[Site "Madrid"]
[Date "2017.01.09"]
[Round "1"]
[White "Serrano Baylin, Francisco"]
[Black "Martinez Carrasco, Jesus"]
[Result "1-0"]
[WhiteElo "1962"]
[BlackElo "1636"]
[PlyCount "73"]
[EventDate "2017.01.09"]
[EventType "swiss"]
[EventRounds "9"]
[EventCountry "ESP"]
[SourceTitle "CBM 176 Extra"]
[Source "ChessBase"]
[SourceDate "2017.03.02"]
[SourceVersion "1"]
[SourceVersionDate "2017.03.02"]
[SourceQuality "1"]

1. c4 e5 2. g3 g6 3. Bg2 Bg7 4. Nc3 d6 5. d3 Nc6 6. e4 Nge7 7. Nge2 0-0 8. 0-0 f5 9. Nd5 h6 10. f4 Nxd5 11. exd5 Ne7 12. Rb1 b6 13. b4 Rb8 14. Be3 Bb7 15. Qd2 Kh7 16. b5 Re8 17. a4 a5 18. bxa6 Bxa6 19. a5 bxa5 20. Rxb8 Qxb8 21. Qxa5 Qc8 22. fxe5 Bxe5 23. Bd4 Ng8 24. Ra1 Bb7 25. Bxe5 dxe5 26. Nc3 Qd7 27. Qb4 Bc8 28. Ra7 Ne7 29. Nb5 Nc6 30. dxc6 Qxd3 31. Rxc7+ Kh8 32. Qc3 Qd1+ 33. Bf1 f4 34. gxf4 Qg4+ 35. Qg3 Qxf4 36. Qxf4 exf4 37. Nd6 1-0

[Event "Madrid-ch Seniors"]
[Site "Madrid"]
[Date "2016.01.11"]
[Round "1"]
[White "Benitez Cadenas, Luis Miguel"]
[Black "Serrano Baylin, Francisco"]
[Result "1/2-1/2"]
[WhiteElo "1681"]
[BlackElo "1988"]
[PlyCount "68"]
[EventDate "2016.01.11"]
[EventType "swiss"]
[EventRounds "9"]
[EventCountry "ESP"]
[SourceTitle "CBM 170 Extra"]
[Source "ChessBase"]
[SourceDate "2016.02.25"]
[SourceVersion "1"]
[SourceVersionDate "2016.02.25"]
[SourceQuality "1"]

1. d4 Nf6 2. Nd2 g6 3. e4 d6 4. Bd3 Bg7 5. c3 0-0 6. Ngf3 c5 7. 0-0 Nc6 8. Re1 cxd4 9. cxd4 Qb6 10. Nc4 Qc7 11. h3 Nb4 12. Bf1 b5 13. Bd2 Nc6 14. Na3 a6 15. Rc1 Qb7 16. Qc2 b4 17. Nb1 Bd7 18. d5 Ne5 19. Nxe5 dxe5 20. Qc7 Qb8 21. Qa5 b3 22. a3 e6 23. dxe6 Bxe6 24. Bc4 Bxc4 25. Rxc4 Rd8 26. Bc3 Nd7 27. Rd1 Nb6 28. Rxd8+ Qxd8 29. Rc6 Qd1+ 30. Kh2 Qxb1 31. Qxb6 Qxe4 32. Qb7 Qf4+ 33. Kg1 Qc1+ 34. Kh2 Qf4+ 1/2-1/2